Animals in Dutch Quiz Stats

 Plays Quiz not verified by Sporcle

Score 0/15 Timer 10:00
0 Plays Today
Animal in English Animal in Dutch % Correct
Doghond
94.6%
Horsepaard
92.5%
Birdvogel
90.3%
Cowkoe
88.2%
Lionleeuw
86%
Rabbitkonijn
80.6%
Pigvarken
75.3%
Goldfishgoudvis
72%
Animal in English Animal in Dutch % Correct
Goatgeit
65.6%
Deerhert
62.4%
Skunkstinkdier
58.1%
Bullstier
57%
Pigeonduif
57%
Leopardluipaard
52.7%
Parrottpapegaai
50.5%

You're not logged in!

Compare scores with friends on all Sporcle quizzes.
OR
Log In

Show Comments

Extras

Created Nov 21, 2010ReportNominate
Tags:Translation Quiz, dutch

Top Quizzes Today


Score Distribution

Your Account Isn't Verified!

In order to create a playlist on Sporcle, you need to verify the email address you used during registration. Go to your Sporcle Settings to finish the process.

Report this User

Report this user for behavior that violates our Community Guidelines.

Details: